Memacu Di Hadapan Menggalas Kecemerlangan Kastam : (Record no. 4258)
[ view plain ]
| 000 -LEADER | |
|---|---|
| fixed length control field | nam a22 a 4500 |
| 005 - DATE AND TIME OF LATEST TRANSACTION | |
| control field | 20170526095820.0 |
| 008 - FIXED-LENGTH DATA ELEMENTS--GENERAL INFORMATION | |
| fixed length control field | 170526s2008 my ||||| |||| 00| 0 may d |
| 020 ## - INTERNATIONAL STANDARD BOOK NUMBER | |
| International Standard Book Number | 9789839224320 |
| 040 ## - CATALOGING SOURCE | |
| Original cataloging agency | AKMAL |
| 082 ## - DEWEY DECIMAL CLASSIFICATION NUMBER | |
| Classification number | 352.448595 ABD |
| 090 ## - LOCALLY ASSIGNED LC-TYPE CALL NUMBER (OCLC); LOCAL CALL NUMBER (RLIN) | |
| Classification number (OCLC) (R) ; Classification number, CALL (RLIN) (NR) | 352.448595 |
| Local cutter number (OCLC) ; Book number/undivided call number, CALL (RLIN) | ABD |
| 100 ## - MAIN ENTRY--PERSONAL NAME | |
| Personal name | Dato' Sri Abd. Rahman Abd. Hamid. |
| Dates associated with a name | 1951- |
| 9 (RLIN) | 8325 |
| 245 10 - TITLE STATEMENT | |
| Title | Memacu Di Hadapan Menggalas Kecemerlangan Kastam : |
| Remainder of title | Suatu Realiti / |
| Statement of responsibility, etc. | Dato' Sri Abd. Rahman Abd. Hamid. |
| 260 ## - PUBLICATION, DISTRIBUTION, ETC. | |
| Place of publication, distribution, etc. | Melaka: |
| Name of publisher, distributor, etc. | Akademi Kastam Diraja Malaysia (AKMAL) , |
| Date of publication, distribution, etc. | 2008. |
| 300 ## - PHYSICAL DESCRIPTION | |
| Extent | xi, 276 mukasurat: |
| Dimensions | 21cm |
| 610 10 - SUBJECT ADDED ENTRY--CORPORATE NAME | |
| Corporate name or jurisdiction name as entry element | Jabatan Kastam Diraja Malaysia |
| Geographic subdivision | Malaysia |
| 9 (RLIN) | 8326 |
| 650 10 - SUBJECT ADDED ENTRY--TOPICAL TERM | |
| Topical term or geographic name entry element | Customs Administration |
| Geographic subdivision | Malaysia |
| 9 (RLIN) | 491 |
| 650 20 - SUBJECT ADDED ENTRY--TOPICAL TERM | |
| Topical term or geographic name entry element | Public Administration |
| Geographic subdivision | Malaysia |
| 9 (RLIN) | 419 |
| 942 ## - ADDED ENTRY ELEMENTS (KOHA) | |
| Source of classification or shelving scheme | |
| Koha item type | Book |
| 950 ## - LOCAL HOLDINGS (RLIN) | |
| Permanent shelving location, LOC (RLIN) | AKMAL |
| Withdrawn status | Lost status | Source of classification or shelving scheme | Damaged status | Not for loan | Collection code | Home library | Current library | Shelving location | Date acquired | Inventory number | Total Checkouts | Full call number | Barcode | Date last seen | Date last checked out | Price effective from | Koha item type |
|---|---|---|---|---|---|---|---|---|---|---|---|---|---|---|---|---|---|
| NON-FICTION | AKMAL Melaka | AKMAL Melaka | PINJAMAN | 26.05.2017 | 306335 | 1 | 352.448595 ABD | 201705300 | 12.01.2023 | 12.01.2023 | 26.05.2017 | Book |
